| 000 | 00349nam a22001457a 4500 | ||
|---|---|---|---|
| 003 | OSt | ||
| 005 | 20230614100753.0 | ||
| 008 | 220729b xxu||||| |||| 00| 0 eng d | ||
| 040 | _cIIMT UNIVERSITY, MEERUT | ||
| 100 | _aGEETA PRESS | ||
| 245 | _aKALYAN SHRIMAD BHAGWAT KATHA | ||
| 260 |
_aGEETA PRESS _bGORAKHPUR |
||
| 300 | _a426 | ||
| 942 |
_2ddc _c09 |
||
| 999 |
_c54195 _d54195 |
||